00337nam a22001331a 4500082001700000100001600017245003800033260003600071300001000107650003100117650002600148650001400174650001500188 aM 192bBAB/B aBabusenan V aBertrand Russell/cby Babusenan V aCalcutta:bPapyrus Books,c2010 a416p. aBiography Bertrand Russell aBiography Philosopher aBiography aPhilosophy